| 000 | 00685nam a2200193Ia 4500 | ||
|---|---|---|---|
| 003 | GCL | ||
| 008 | 140319s9999 xx 000 0 ara d | ||
| 040 |
_aGCL / _cGCL |
||
| 082 | 0 | 4 |
_a234 _bح ت |
| 100 | 1 | _aابن حجر العسقلانى : بدر الدين ابو المعالى محمد بن احمد بن على | |
| 245 | 1 | 0 |
_aتهذيب التهذيب / _cابن حجر العسقلانى : بدر الدين ابو المعالى محمد بن احمد بن على |
| 260 |
_a[S.N] : _bدار صادر ، _c1968 |
||
| 300 | _aمتعدد | ||
| 490 | _a | ||
| 650 | 0 | 4 | _aالحديث |
| 650 | 0 | 4 | _aالجرح والتعديل |
| 650 | 0 | 4 | _aالاسناد |
| 942 |
_2ddc _cBK |
||
| 999 |
_c37476 _d37476 |
||